Normal view
MARC view
- RS Ananda Murthy
Entry Personal Name
001 - CONTROL NUMBER
- control field: 25307
003 - CONTROL NUMBER IDENTIFIER
- control field: NUST
005 - DATE AND TIME OF LATEST TRANSACTION
- control field: 20191106150127.0
008 - FIXED-LENGTH DATA ELEMENTS
- fixed length control field: 191106|| aca||aabn | a|a d
040 ## - CATALOGING SOURCE
- Original cataloging agency: NUST
- Transcribing agency: NUST
100 ## - HEADING--PERSONAL NAME
- Personal name: RS Ananda Murthy
670 ## - SOURCE DATA FOUND
- Source citation: Work cat.: (NUST)376869: RS Ananda Murthy, Basic Electrical Engineering, c2011
